000 00404nam a2200169 i 4500
001 bg
100 1 _aDąbrowski, Kazimierz
_c(bhp).
245 1 0 _aObróbka skrawaniem /
_cK. Dąbrowski.
250 _aWyd.2 popr. i uzup.
260 _aWarszawa,
_c1985.
650 9 _aSkrawanie
040 _cBPK
041 _apol
080 _a621.9:331.82
942 _cKS
008 s pl f |000 0 pol
999 _c1289
_d1289
856 _uhttp://koha.tu.koszalin.pl/cgi-bin/koha/opac-detail.pl?biblionumber=1289
_yKatalog online BPK